<?xml version="1.0" encoding="UTF-8"?>
<record
    xmlns:xsi="http://www.w3.org/2001/XMLSchema-instance"
    xsi:schemaLocation="http://www.loc.gov/MARC21/slim http://www.loc.gov/standards/marcxml/schema/MARC21slim.xsd"
    xmlns="http://www.loc.gov/MARC21/slim">

  <leader>01256nam0a2200361   4500</leader>
  <controlfield tag="001">RU\NLR\bibl\407742</controlfield>
  <controlfield tag="005">20250622170258.0</controlfield>
  <datafield tag="010" ind1=" " ind2=" ">
    <subfield code="a">5-7024-1525-6</subfield>
    <subfield code="9">57000</subfield>
  </datafield>
  <datafield tag="021" ind1=" " ind2=" ">
    <subfield code="a">RU</subfield>
    <subfield code="b">2003-17817</subfield>
    <subfield code="9">815</subfield>
  </datafield>
  <datafield tag="035" ind1=" " ind2=" ">
    <subfield code="a">(NLR Aleph) 000401835</subfield>
  </datafield>
  <datafield tag="090" ind1=" " ind2=" ">
    <subfield code="a">580084</subfield>
    <subfield code="c">580084</subfield>
  </datafield>
  <datafield tag="100" ind1=" " ind2=" ">
    <subfield code="a">20030530d2003    |||y0rusy50      ca</subfield>
  </datafield>
  <datafield tag="101" ind1="1" ind2=" ">
    <subfield code="a">rus</subfield>
    <subfield code="c">eng</subfield>
  </datafield>
  <datafield tag="102" ind1=" " ind2=" ">
    <subfield code="a">RU</subfield>
  </datafield>
  <datafield tag="105" ind1=" " ind2=" ">
    <subfield code="a">y   |||||||||</subfield>
  </datafield>
  <datafield tag="200" ind1="1" ind2=" ">
    <subfield code="a">&#x412;&#x440;&#x435;&#x43C;&#x44F; &#x432;&#x44B;&#x431;&#x438;&#x440;&#x430;&#x442;&#x44C;</subfield>
    <subfield code="e">&#x420;&#x43E;&#x43C;&#x430;&#x43D;</subfield>
    <subfield code="f">&#x41F;&#x430;&#x442;&#x440;&#x438;&#x446;&#x438;&#x44F; &#x425;&#x43E;&#x440;&#x441;&#x442;</subfield>
    <subfield code="g">[&#x41F;&#x435;&#x440;. &#x441; &#x430;&#x43D;&#x433;&#x43B;. &#x414;.&#x418;. &#x41A;&#x43E;&#x447;&#x435;&#x440;&#x433;&#x438;]</subfield>
  </datafield>
  <datafield tag="210" ind1=" " ind2=" ">
    <subfield code="a">&#x41C;.</subfield>
    <subfield code="c">&#x41F;&#x430;&#x43D;&#x43E;&#x440;&#x430;&#x43C;&#x430;</subfield>
    <subfield code="d">2003</subfield>
  </datafield>
  <datafield tag="215" ind1=" " ind2=" ">
    <subfield code="a">189,[1] &#x441;.</subfield>
    <subfield code="d">17</subfield>
  </datafield>
  <datafield tag="225" ind1="1" ind2=" ">
    <subfield code="a">&#x41F;&#x430;&#x43D;&#x43E;&#x440;&#x430;&#x43C;&#x430; &#x440;&#x43E;&#x43C;&#x430;&#x43D;&#x43E;&#x432; &#x43E; &#x43B;&#x44E;&#x431;&#x432;&#x438;</subfield>
    <subfield code="e">&#x41F;&#x435;&#x440;&#x438;&#x43E;&#x434;. &#x43B;&#x438;&#x442;.-&#x445;&#x443;&#x434;&#x43E;&#x436;. &#x430;&#x43B;&#x44C;&#x43C;.</subfield>
    <subfield code="v">03-056</subfield>
  </datafield>
  <datafield tag="311" ind1=" " ind2=" ">
    <subfield code="a">&#x41F;&#x440;&#x438;&#x43B;. &#x43A; &#x43C;&#x435;&#x436;&#x434;&#x443;&#x43D;&#x430;&#x440;. &#x436;&#x443;&#x440;&#x43D;. "&#x41F;&#x430;&#x43D;&#x43E;&#x440;&#x430;&#x43C;&#x430;"</subfield>
  </datafield>
  <datafield tag="422" ind1=" " ind2="0">
    <subfield code="1">2001#$a&#x41F;&#x430;&#x43D;&#x43E;&#x440;&#x430;&#x43C;&#x430;</subfield>
    <subfield code="t">&#x41F;&#x430;&#x43D;&#x43E;&#x440;&#x430;&#x43C;&#x430;</subfield>
  </datafield>
  <datafield tag="610" ind1="0" ind2=" ">
    <subfield code="a">&#x41B;&#x44E;&#x431;&#x43E;&#x432;&#x44C; (&#x445;. &#x43B;.)</subfield>
  </datafield>
  <datafield tag="675" ind1=" " ind2=" ">
    <subfield code="a">821.111(73)-31&#x425;&#x43E;&#x440;&#x441;&#x442;</subfield>
    <subfield code="v">3</subfield>
    <subfield code="z">rus</subfield>
  </datafield>
  <datafield tag="686" ind1=" " ind2=" ">
    <subfield code="a">17.82</subfield>
    <subfield code="2">rugasnti</subfield>
  </datafield>
  <datafield tag="686" ind1=" " ind2=" ">
    <subfield code="a">84(7&#x421;&#x43E;&#x435;)-44</subfield>
    <subfield code="2">rubbk</subfield>
  </datafield>
  <datafield tag="686" ind1=" " ind2=" ">
    <subfield code="a">&#x428;6(7&#x421;&#x428;&#x410;)67-440.4{&#x41B;&#x445;1979-50}</subfield>
  </datafield>
  <datafield tag="700" ind1=" " ind2="1">
    <subfield code="a">&#x425;&#x43E;&#x440;&#x441;&#x442;</subfield>
    <subfield code="b">&#x41F;.</subfield>
    <subfield code="g">&#x41F;&#x430;&#x442;&#x440;&#x438;&#x446;&#x438;&#x44F;</subfield>
    <subfield code="4">070</subfield>
  </datafield>
  <datafield tag="801" ind1=" " ind2="0">
    <subfield code="a">RU</subfield>
    <subfield code="b">RKP</subfield>
    <subfield code="c">20030530</subfield>
    <subfield code="g">PSBO</subfield>
  </datafield>
  <datafield tag="801" ind1=" " ind2="1">
    <subfield code="a">RU</subfield>
    <subfield code="b">RKP</subfield>
    <subfield code="c">20030530</subfield>
  </datafield>
  <datafield tag="801" ind1=" " ind2="2">
    <subfield code="a">RU</subfield>
    <subfield code="b">NLR</subfield>
    <subfield code="c">20030704</subfield>
    <subfield code="g">rcr</subfield>
  </datafield>
  <datafield tag="942" ind1=" " ind2=" ">
    <subfield code="c">BOOK</subfield>
  </datafield>
  <datafield tag="980" ind1=" " ind2=" ">
    <subfield code="a">NB</subfield>
  </datafield>
  <datafield tag="995" ind1=" " ind2=" ">
    <subfield code="5">2003-06-10</subfield>
    <subfield code="a">ad</subfield>
    <subfield code="b">NLR01</subfield>
    <subfield code="c">NLR01</subfield>
    <subfield code="e">RF3</subfield>
    <subfield code="f">497517</subfield>
    <subfield code="k">2003-2/2328</subfield>
    <subfield code="o">0</subfield>
    <subfield code="r">BOOK</subfield>
    <subfield code="s">200322328_</subfield>
  </datafield>
  <datafield tag="995" ind1=" " ind2=" ">
    <subfield code="5">2003-06-10</subfield>
    <subfield code="a">ad</subfield>
    <subfield code="b">NLR01</subfield>
    <subfield code="c">NLR01</subfield>
    <subfield code="e">RF3</subfield>
    <subfield code="f">497518</subfield>
    <subfield code="k">2003-2/2328</subfield>
    <subfield code="o">0</subfield>
    <subfield code="r">BOOK</subfield>
    <subfield code="s">200322328_</subfield>
  </datafield>
</record>
